Statistiques concernant Associez ces albums à leurs chanteurs français

Cliquez ici pour prendre le quiz!

Statistiques générales

  • Ce quiz a été pris 132 fois
  • Le résultat moyen est 7 sur 20

Statistiques - réponses

HintRéponse% Correct
S'il suffisait d'aimerCéline Dion
79%
AmigoKendji Girac
71%
Racine carréeStromae
69%
Boucan d'enferRenaud
55%
Aux armes et cæteraSerge Gainsbourg
49%
MadingwaYannick Noah
46%
Le Mal aiméClaude François
45%
Mini WorldIndila
37%
Le temps des fleursDalida
31%
En passantJean-Jacques Goldman
27%
Chansons parisiennesEdith Piaf
26%
RepentiRenan Luce
25%
Au ras des paquerettesAlain Souchon
21%
Mon pays c'est l'amourJohnny Hallyday
20%
Loin des yeux de l'OccidentDaniel Balavoine
17%
Fou de musiqueGilbert Montagné
13%
ReviensGarou
12%
Drôles de chansonsGérard Lenorman
12%
Des souvenirs devantPatrick Bruel
12%
Plus bleu ...Charles Aznavour
9%

Distribution des résultats

Percentile par nombre de réponses

% des personnes avec chaque résultat

Votre développement - résultats

Vous n’avez pas pris ce quiz